| 000 | 00000nam 2200000zi 4500 |
| 001 | 9.921577 |
| 003 | CaOODSP |
| 005 | 20250313152818 |
| 006 | m o d f |
| 007 | cr ||||||||||| |
| 008 | 230406t20232023onca ob f000 0 eng d |
| 020 | |a9780660483160 |
| 040 | |aCaOODSP|beng|erda|cCaOODSP |
| 043 | |an-cn--- |
| 086 | 1 |aD2-645/2023E-PDF |
| 245 | 00|aEvolving human security : |bframeworks and considerations for Canada's military / |cedited by Shannon Lewis-Simpson and Sarah Jane Meharg. |
| 264 | 1|aKingston, Ontario : |bCanadian Defence Academy Press, |c[2023] |
| 264 | 4|c©2023 |
| 300 | |a1 online resource (vi, 305 pages) : |billustrations |
| 336 | |atext|btxt|2rdacontent |
| 337 | |acomputer|bc|2rdamedia |
| 338 | |aonline resource|bcr|2rdacarrier |
| 500 | |aIssued also in French under title: Évolution de la sécurité humaine : cadres et considérations pour les forces armées du Canada. |
| 500 | |aPublication file replaced with new one at request of author department, 24 November 2023. |
| 504 | |aIncludes bibliographical references. |
| 610 | 10|aCanada. |bCanadian Armed Forces. |
| 650 | 0|aHuman security. |
| 650 | 0|aPeacekeeping forces, Canadian. |
| 650 | 0|aPeace-building, Canadian. |
| 650 | 0|aDisaster relief. |
| 650 | 0|aHumanitarian intervention. |
| 651 | 0|aCanada|xMilitary policy. |
| 700 | 1 |aLewis-Simpson, Shannon, |d1974- |eeditor. |
| 710 | 2 |aCanadian Defence Academy Press, |eissuing body. |
| 710 | 1 |aCanada. |bDepartment of National Defence, |eissuing body. |
| 775 | 08|tÉvolutions de la sécurité humaine : |w(CaOODSP)9.921576 |
| 776 | 0#|tEvolving human security : |w(CaOODSP)9.921575 |
| 776 | 0#|tEvolving human security : |w(CaOODSP)9.922395 |
| 856 | 40|qPDF|s2.30 MB|uhttps://publications.gc.ca/collections/collection_2023/mdn-dnd/D2-645-2023-eng.pdf |